000 01334cam a2200217 4500
001 WB3804-18
008 020130n2002 000 0 eng u
035 _a(Sirsi) u116531
245 4 _aThe slippery slope
260 _c2002
490 _aEstates Gazette
_v(0204) 26 January 2002, 172(1)
520 _aConsiders the case of "Gooden v Northamptonshire CC"(2001) in which the claimant G wishing to develop a property in Long Buckby. G wished to know if a path known as the Slope that led to access to the property was part of the highway and maintainable by the local authority. The defendant N replied that the paths and highway did fall into this category. It transpired that the Slope, was not maintained at public expense. This led to curtailment and financial loss to G, since the property was only viable if the Slope was subject to N's statutory powers. The CA ruled that N had not been negligent. The key issues were that a local authority owes a duty of care to a purchaser in answering standard enquiries, but damages for a developer's losses hinge upon the authority's awareness of intention to develop.
590 _aWB
650 _aDUTY OF CARE
650 _aGOODEN V NORTHAMPTONSHIRE CC
650 _aLIABILITY
650 _aHIGHWAYS
650 _aPROPERTY DEVELOPMENT
690 _aPROPERTY
942 _n0
999 _c69387
_d69387